zpět

Detail výsledku týmu

Café Hostel, České Budějovice

Datum a čas kvízu

24 Celkem bodů Celkový počet nahraných bodů na tomto kvízu bez doplňovacích otázek.
6. Pořadí na kvízu Konečné umístění týmu na tomto kvízu.

Zaznamenané odpovědi

# Otázka Odpověď Body Výsledky
1. Když Miloš Zeman volil, pokusi... 0.5
2. Těsně před Vánocemi se na Mezi... 0
3. Tento britský herec, který v z... 1
4. Donald Trump slíbil Norsku stí... 0
5. Zdá se, že nám roste v jižních... 0
6. Pro mimobrněnské soutěžící upř... 1
7. Bývalé pražské nakladatelství... 0
8. Na název českého spolku zaměře... 0
9. Plod listnatého stromu z čeled... 1
10. Ze šalinkarty vyberete i příjm... 1